00679nam a2200193Ia 4500001000700000003000500007008004100012010001100053040000900064082001300073100002300086245013100109260003100240300001100271440000500282500010100287503001100388650008600399Z_3951CHAP220113s1990 xx 000 0 und d a167012 cCHAP a613.2 K7 aKritchevsky, David aDietary fiber : chemistry, physiology and health effects /cEd. by David Kritchevsky, Charles Bonfield and James W. Anderson aNew York :bPlenum,c1990 a499 p. a aProceedings of the George Vahouny Fiber Conference, held april 19-21, 1988. In Washington, D.C. a180372 aFibra en nutrición humanaxCongresos I. Bonfield, Charles II. Anderson, James W